| 000 | 01088cab a2200205 4500 | ||
|---|---|---|---|
| 001 | ABS44486 | ||
| 008 | 090401t1991 xxu||||| |||| 00| 0 eng d | ||
| 035 | _a(Sirsi) u47427 | ||
| 041 | _aeng | ||
| 100 | _aMorris, R. | ||
| 245 | _aAuction revolution | ||
| 260 | _c1991 | ||
| 350 | _a0 | ||
| 490 |
_aAgricultural Digest _v32 April 1991, 11-16(4) |
||
| 520 | _aLivestock auctioneering is undergoing great change, with the number of auction marts declining, and the introduction of more intense competition. The article describes the factors accounting for the transformation: decline in the number of abattoirs ; transport changes; increased capital value of livestock markets tempting redevelopment, and financial aid from the EEC. New livestock centres have been devised and built incorporating spacious car parks, improved customer facilities, better standards of hygiene, good acoustics, described here with the franchising of electronic auctions, a Canadian innovation. | ||
| 650 | _aLIVESTOCK AUCTIONS | ||
| 690 |
_aAuctioneering _96218 |
||
| 942 | _n0 | ||
| 948 | _c04/03/1997 | ||
| 999 |
_c29913 _d29913 |
||